[Event "MCRE_O18"]
[Site "?"]
[Date "2004.??.??"]
[Round "?"]
[White "Kosar, Zdenek"]
[Black "Kratochvil, Jan"]
[Result "1/2-1/2"]
[WhiteElo "1800"]
[BlackElo "1800"]
[PlyCount "145"]
[EventDate "2004.??.??"]
[EventType "corr"]
[EventRounds "2"]
[SourceDate "2005.03.12"]

1. e4 e5 2. Nf3 Nc6 3. Bb5 a6 4. Ba4 Nf6 5. O-O Be7 6. Re1 b5 7. Bb3 O-O 8. c3
d6 9. h3 Na5 10. Bc2 c5 11. d4 Qc7 12. d5 Nc4 13. b3 Nb6 14. a4 bxa4 15. bxa4
Rb8 16. Bd3 c4 17. Bc2 Re8 18. Na3 Bd7 19. Nd2 Qc5 20. Nf1 Qa5 21. Nb1 Rec8 22.
g4 Rb7 23. Ba3 Na8 24. Ne3 Ne8 25. Qe2 Bg5 26. Nxc4 Qc7 27. Bd3 a5 28. Bc1 Bxc1
29. Rxc1 Nb6 30. Nxb6 Rxb6 31. Bb5 Bxb5 32. axb5 Rcb8 33. Na3 Nf6 34. c4 Nd7
35. Nc2 Nc5 36. Rcb1 R6b7 37. Kg2 Ra7 38. f3 Nd7 39. Ne3 Nb6 40. Rc1 a4 41. Nf5
g6 42. Nxd6 Qxd6 43. c5 Qd8 44. cxb6 Qxb6 45. Rcb1 Qc5 46. Qb2 f6 47. b6 Ra6
48. Qb5 Qxb5 49. Rxb5 Kf7 50. Rb4 a3 51. Rb3 a2 52. Rb2 Raxb6 53. Rxb6 Rxb6 54.
Rxa2 g5 55. Ra7+ Kg6 56. Rc7 Rb2+ 57. Kg3 h5 58. gxh5+ Kxh5 59. Rc6 Kg6 60. h4
gxh4+ 61. Kxh4 Rd2 62. Re6 Rd3 63. Kg3 Kf7 64. Kg4 Kg6 65. Re7 Rd4 66. Kg3 Rd2
67. f4 Rd3+ 68. Kf2 exf4 69. Ke2 Re3+ 70. Kd2 Rb3 71. Ra7 Re3 72. Ra4 Rb3 73.
Ke2 1/2-1/2

[Event "MCRE_O18"]
[Site "?"]
[Date "2004.??.??"]
[Round "?"]
[White "Kosar, Zdenek"]
[Black "Motejzik, Jaroslav"]
[Result "0-1"]
[WhiteElo "1800"]
[BlackElo "1800"]
[PlyCount "42"]
[EventDate "2004.??.??"]
[EventType "corr"]
[EventRounds "2"]
[SourceDate "2005.03.12"]

1. e4 e6 2. d4 d5 3. e5 c5 4. Nc3 cxd4 5. Nb5 Nc6 6. Nf3 f6 7. Nbxd4 fxe5 8.
Nxc6 bxc6 9. Nxe5 Nf6 10. Nxc6 Qb6 11. Ne5 Bd6 12. Be3 Qxb2 13. Bd4 Bb4+ 14.
Ke2 Ba6+ 15. Ke3 Qa3+ 16. Bd3 O-O 17. Qc1 Qa5 18. Nc6 Ng4+ 19. Ke2 Qa4 20. f3
Qxc6 21. fxg4 e5 0-1

[Event "MCRE_O18"]
[Site "?"]
[Date "2004.??.??"]
[Round "?"]
[White "Kosar, Zdenek"]
[Black "Novak, Vaclav"]
[Result "1-0"]
[WhiteElo "1800"]
[BlackElo "1800"]
[PlyCount "115"]
[EventDate "2004.??.??"]
[EventType "corr"]
[EventRounds "2"]
[SourceDate "2005.03.12"]

1. e4 c5 2. Nf3 Nc6 3. d4 cxd4 4. Nxd4 Nf6 5. Nc3 d6 6. f3 e5 7. Nb3 Be7 8. Bc4
O-O 9. Be3 Be6 10. Nd5 Nb4 11. Nxf6+ Bxf6 12. Bxe6 fxe6 13. Qd2 Bh4+ 14. Ke2
Nc6 15. Rhd1 Be7 16. c4 b6 17. Rac1 Qe8 18. Qe1 Qh5 19. Qg3 Rf6 20. Qg4 Qxg4
21. fxg4 Rg6 22. h3 h5 23. g5 h4 24. g3 hxg3 25. h4 Rf8 26. Rf1 d5 27. Rxf8+
Kxf8 28. h5 d4 29. hxg6 dxe3 30. Rf1+ Ke8 31. Kxe3 Bxg5+ 32. Kf3 Bf4 33. Rd1
Ke7 34. Nd2 Kf6 35. Nf1 Nd4+ 36. Kg2 Kxg6 37. Nxg3 Kf7 38. Kf2 g5 39. Ne2 Kf6
40. Rd3 Nc2 41. Rc3 Nd4 42. c5 bxc5 43. Rxc5 g4 44. b4 Nf3 45. Rc8 Ng5 46. Ng3
Bd2 47. a3 Nh3+ 48. Kg2 Nf4+ 49. Kh2 Kg5 50. b5 Be3 51. a4 Bb6 52. Ra8 Bd4 53.
a5 Ng6 54. Rg8 Bc5 55. Rg7 Kf6 56. Rc7 Bd4 57. b6 axb6 58. a6 1-0

[Event "MCRE_O18"]
[Site "?"]
[Date "2004.??.??"]
[Round "?"]
[White "Kosar, Zdenek"]
[Black "Valinova, Jana"]
[Result "1/2-1/2"]
[WhiteElo "1800"]
[BlackElo "1800"]
[PlyCount "87"]
[EventDate "2004.??.??"]
[EventType "corr"]
[EventRounds "2"]
[SourceDate "2005.03.12"]

1. e4 e5 2. Nf3 Nc6 3. Bb5 a6 4. Ba4 Nf6 5. O-O Be7 6. Re1 b5 7. Bb3 O-O 8. c3
d5 9. exd5 Nxd5 10. Nxe5 Nxe5 11. Rxe5 c6 12. d4 Bd6 13. Re1 Qh4 14. g3 Qh3 15.
Be3 Bg4 16. Qd3 Rae8 17. Nd2 Re6 18. a4 Qh5 19. axb5 axb5 20. Ne4 Bf5 21. Bd2
Rxe4 22. Rxe4 Nf6 23. f3 Qg6 24. Qe2 Nxe4 25. fxe4 Bxe4 26. Qf2 Bd5 27. Bxd5
cxd5 28. Re1 h5 29. Qg2 Qd3 30. Bc1 Qc4 31. Qe2 Qxe2 32. Rxe2 b4 33. cxb4 Rb8
34. Bd2 Rb6 35. Bc3 g6 36. Kf2 Bxb4 37. Re5 Rb5 38. Re8+ Kg7 39. Ke3 Kf6 40.
Kf3 Bxc3 41. bxc3 Rb3 42. Rc8 Rb2 43. Rc6+ Ke7 44. h4 1/2-1/2

[Event "MCRE_O18"]
[Site "?"]
[Date "2004.??.??"]
[Round "?"]
[White "Kosar, Zdenek"]
[Black "Zednik, Martin"]
[Result "1/2-1/2"]
[WhiteElo "1800"]
[BlackElo "1861"]
[PlyCount "91"]
[EventDate "2004.??.??"]
[EventType "corr"]
[EventRounds "2"]
[SourceDate "2005.03.12"]

1. e4 e5 2. Nf3 Nc6 3. Bb5 a6 4. Ba4 Nf6 5. O-O Be7 6. Re1 b5 7. Bb3 O-O 8. c3
d6 9. h3 Bb7 10. d4 Re8 11. Nbd2 Bf8 12. a4 h6 13. Bc2 Rb8 14. d5 Ne7 15. b3 c6
16. c4 Ng6 17. axb5 axb5 18. g3 Qd7 19. Kh2 Ra8 20. Rxa8 Rxa8 21. Bd3 Bc8 22.
Ng1 bxc4 23. bxc4 Be7 24. Nb1 Bd8 25. Be3 Ba5 26. Re2 Bb4 27. Rb2 c5 28. Bc2
Ra1 29. Qd3 Nh7 30. Qb3 Ng5 31. Ra2 Rxa2 32. Qxa2 Ne7 33. Bxg5 hxg5 34. f3 Qc7
35. Qa4 Qd8 36. Na3 Bd7 37. Qa6 Bxa3 38. Qxa3 Nc8 39. Ne2 Qf6 40. Kg2 Qh6 41.
g4 Qf6 42. Qa5 Qe7 43. Nc3 g6 44. Ba4 Bxa4 45. Nxa4 Qb7 46. Qb5 1/2-1/2

[Event "MCRE_O18"]
[Site "?"]
[Date "2004.??.??"]
[Round "?"]
[White "Kratochvil, Jan"]
[Black "Caha, Rostislav"]
[Result "1-0"]
[WhiteElo "1800"]
[BlackElo "1800"]
[PlyCount "20"]
[EventDate "2004.??.??"]
[EventType "corr"]
[EventRounds "2"]
[SourceDate "2005.03.12"]

1. e4 e5 2. Nf3 Nc6 3. Bb5 a6 4. Ba4 Nf6 5. O-O Be7 6. Re1 b5 7. Bb3 O-O 8. h3
Bb7 9. c3 d6 10. d4 Re8 {Caha nedohral} 1-0

[Event "MCRE_O18"]
[Site "?"]
[Date "2004.??.??"]
[Round "?"]
[White "Kratochvil, Jan"]
[Black "Kosar, Zdenek"]
[Result "0-1"]
[WhiteElo "1800"]
[BlackElo "1800"]
[PlyCount "176"]
[EventDate "2004.??.??"]
[EventType "corr"]
[EventRounds "2"]
[SourceDate "2005.03.12"]

1. e4 e5 2. Nf3 Nc6 3. d4 exd4 4. Nxd4 Bc5 5. Nxc6 Qf6 6. Qd2 bxc6 7. Bd3 Ne7
8. Nc3 Ng6 9. Nd1 h6 10. Qa5 Bb6 11. Qc3 Bd4 12. Qa3 Nh4 13. Rg1 Qg6 14. Kf1
Qe6 15. Be3 Bxe3 16. Nxe3 d6 17. Qc3 Bb7 18. Qxg7 O-O-O 19. e5 Rdg8 20. Qf6
Qxf6 21. exf6 Re8 22. Ke2 c5 23. Kf1 h5 24. Re1 Re6 25. a4 Rxf6 26. a5 Ng6 27.
a6 Bc6 28. g3 Ne5 29. Be2 Nf3 30. Bxf3 Bxf3 31. Nc4 Bc6 32. Nd2 Bb5+ 33. Kg2
Bxa6 34. f3 Bb7 35. Re7 h4 36. g4 Rf4 37. Kf2 Kd8 38. Rge1 Rd4 39. Nb3 Rc4 40.
c3 Ra4 41. R7e2 f5 42. gxf5 Rf4 43. Nd2 Rxf5 44. Ra1 a6 45. Ra4 Kd7 46. b3 Bc6
47. Rg4 Rf7 48. Re3 Bd5 49. Rg6 Re7 50. Rxe7+ Kxe7 51. Rg7+ Bf7 52. Rg4 Be6 53.
Rg7+ Kd8 54. Ke3 Re8 55. Kf4 Bd5 56. Rg5 Bf7 57. Rg7 Re2 58. Rxf7 Rxd2 59. Rh7
Rxh2 60. Rh8+ Kd7 61. Kg4 Rg2+ 62. Kf4 Rb2 63. Ke4 Rxb3 64. Kd3 d5 65. Kc2 Ra3
66. Rxh4 d4 67. cxd4 Rxf3 68. Rh7+ Kc6 69. Rh6+ Kd5 70. dxc5 c6 71. Rh5+ Kc4
72. Rg5 Rf4 73. Kd2 Rd4+ 74. Ke3 Rd5 75. Rg1 Kxc5 76. Ra1 Kb5 77. Rb1+ Ka4 78.
Ke4 a5 79. Rc1 Rd6 80. Ra1+ Kb4 81. Rb1+ Kc3 82. Ra1 Rd4+ 83. Ke3 c5 84. Rxa5
Rd3+ 85. Ke2 c4 86. Ra3+ Kc2 87. Ra2+ Kb3 88. Ra3+ Kxa3 0-1

[Event "MCRE_O18"]
[Site "?"]
[Date "2004.??.??"]
[Round "?"]
[White "Kratochvil, Jan"]
[Black "Motejzik, Jaroslav"]
[Result "0-1"]
[WhiteElo "1800"]
[BlackElo "1800"]
[PlyCount "62"]
[EventDate "2004.??.??"]
[EventType "corr"]
[EventRounds "2"]
[SourceDate "2005.03.12"]

1. e4 e6 2. d4 d5 3. Nd2 Nf6 4. e5 Nfd7 5. Bd3 c5 6. c3 Nc6 7. Ne2 cxd4 8. cxd4
f6 9. exf6 Nxf6 10. O-O Bd6 11. Nf3 Qc7 12. Bg5 O-O 13. Bh4 Nh5 14. Qc2 h6 15.
Bh7+ Kh8 16. Rae1 Nf4 17. Bd3 Nh3+ 18. Kh1 Rxf3 19. gxf3 Qf7 20. Kg2 Qh5 21.
Bg3 Ng5 22. Ng1 Nxd4 23. Qb1 Ndxf3 24. Bxd6 e5 25. Bxe5 Bh3+ 26. Kh1 Nh4 27.
Bxg7+ Kg8 28. Bh7+ Nxh7 29. Qe4 dxe4 30. Nxh3 Qf3+ 31. Kg1 Qg2# 0-1

[Event "MCRE_O18"]
[Site "?"]
[Date "2004.??.??"]
[Round "?"]
[White "Kratochvil, Jan"]
[Black "Novak, Vaclav"]
[Result "0-1"]
[WhiteElo "1800"]
[BlackElo "1800"]
[PlyCount "110"]
[EventDate "2004.??.??"]
[EventType "corr"]
[EventRounds "2"]
[SourceDate "2005.03.12"]

1. e4 g6 2. f4 Bg7 3. Nf3 d5 4. e5 Bf5 5. Nd4 Nh6 6. Nxf5 Nxf5 7. d4 e6 8. Qd3
O-O 9. Nd2 Na6 10. Nf3 c5 11. c3 cxd4 12. g4 Nh6 13. g5 Nf5 14. Nxd4 Nc5 15.
Qd1 Nxd4 16. Qxd4 Qe7 17. h4 Ne4 18. Rh3 Rfc8 19. h5 Qc7 20. Bd3 Nc5 21. Bb1 b5
22. Be3 Na4 23. Qd2 Nb6 24. Bd4 Nc4 25. Qe2 a5 26. Rh1 b4 27. Qh2 bxc3 28. bxc3
Rab8 29. hxg6 hxg6 30. Qh7+ Kf8 31. Bd3 Qe7 32. a3 Nxa3 33. Kf2 Nb5 34. Rhb1
Nxd4 35. cxd4 Qa7 36. Ke3 Rxb1 37. Rxb1 a4 38. Qh2 a3 39. Qd2 a2 40. Ra1 Ra8
41. Qb2 Kg8 42. Qg2 Bf8 43. Qb2 Qa3 44. Qc2 Bb4 45. f5 exf5 46. e6 fxe6 47. Qc6
Kf7 48. Qc7+ Be7 49. Qc2 Bxg5+ 50. Kf3 Bf6 51. Ke3 Qb4 52. Ke2 Qxd4 53. Rxa2
Qg4+ 54. Kf2 Bd4+ 55. Ke1 Qg3+ 0-1

[Event "MCRE_O18"]
[Site "?"]
[Date "2004.??.??"]
[Round "?"]
[White "Kratochvil, Jan"]
[Black "Valinova, Jana"]
[Result "0-1"]
[WhiteElo "1800"]
[BlackElo "1800"]
[PlyCount "40"]
[EventDate "2004.??.??"]
[EventType "corr"]
[EventRounds "2"]
[SourceDate "2005.03.12"]

1. e4 e5 2. Nf3 Nc6 3. Bb5 a6 4. Ba4 Nf6 5. O-O Be7 6. Re1 b5 7. Bb3 O-O 8. c3
d5 9. exd5 Nxd5 10. Nxe5 Nxe5 11. Rxe5 c6 12. d4 Bd6 13. Re1 Qh4 14. g3 Qh3 15.
Re4 g5 16. Qf3 Bf5 17. Re1 Rae8 18. Bd2 Nf4 19. Re3 Rxe3 20. Bxe3 Be4 0-1

[Event "MCRE_O18"]
[Site "?"]
[Date "2004.??.??"]
[Round "?"]
[White "Kratochvil, Jan"]
[Black "Zednik, Martin"]
[Result "0-1"]
[WhiteElo "1800"]
[BlackElo "1861"]
[PlyCount "122"]
[EventDate "2004.??.??"]
[EventType "corr"]
[EventRounds "2"]
[SourceDate "2005.03.12"]

1. e4 e5 2. Nf3 Nc6 3. Bc4 Bc5 4. Nc3 Nf6 5. O-O d6 6. d3 Bg4 7. h3 Bh5 8. g4
Bg6 9. Na4 a6 10. Nxc5 dxc5 11. a4 Qe7 12. Be3 O-O-O 13. Nd2 h5 14. g5 Nh7 15.
h4 f6 16. gxf6 Nxf6 17. Qf3 Nd4 18. Qd1 Bf7 19. Bg5 Rhf8 20. Rb1 Rd7 21. Kg2
Qe8 22. c3 Ne6 23. Be3 Ng4 24. b4 Nf4+ 25. Bxf4 exf4 26. Bxf7 f3+ 27. Qxf3
Rdxf7 28. Qe2 Rxf2+ 29. Rxf2 Rxf2+ 30. Qxf2 Nxf2 31. Kxf2 Qd8 32. Ke3 Qxh4 33.
Nf3 Qf6 34. e5 Qh6+ 35. Ke2 g5 36. bxc5 g4 37. Nd2 h4 38. Ne4 h3 39. c6 bxc6
40. Rf1 h2 41. Ng3 Qe6 42. Rf8+ Kd7 43. Rf1 Qa2+ 44. Ke1 Qb1+ 45. Kf2 Qc2+ 46.
Ne2 Qxd3 47. e6+ Ke7 48. c4 Qe4 49. c5 h1=Q 50. Rxh1 Qxh1 51. Ke3 Qf3+ 52. Kd2
g3 53. Nxg3 Qxg3 54. Kc2 Qf2+ 55. Kb1 Qf5+ 56. Kb2 Qxc5 57. Kb3 Qc1 58. Ka2
Qc2+ 59. Ka1 c5 60. a5 Qd2 61. Kb1 c4 0-1

[Event "MCRE_O18"]
[Site "?"]
[Date "2004.??.??"]
[Round "?"]
[White "Motejzik, Jaroslav"]
[Black "Kosar, Zdenek"]
[Result "1-0"]
[WhiteElo "1800"]
[BlackElo "1800"]
[PlyCount "89"]
[EventDate "2004.??.??"]
[EventType "corr"]
[EventRounds "2"]
[SourceDate "2005.03.12"]

1. e4 e5 2. Nf3 Nc6 3. Bb5 a6 4. Ba4 Nf6 5. O-O Be7 6. Re1 b5 7. Bb3 d6 8. c3
O-O 9. h3 Bb7 10. d4 Re8 11. Nbd2 Bf8 12. a4 h6 13. Bc2 Qd7 14. b3 b4 15. d5
Ne7 16. c4 c5 17. dxc6 Qxc6 18. Nf1 a5 19. Ra2 Nc8 20. Ne3 Re6 21. Nd5 Nb6 22.
Nh4 g6 23. Bb1 Nbd7 24. Re3 Qc8 25. Rg3 Qd8 26. Nf5 Kh7 27. Nfe3 Bg7 28. Ng4
Bxd5 29. exd5 Re8 30. Nxf6+ Nxf6 31. Rf3 Kg8 32. Re2 Nd7 33. Rg3 Kh7 34. f4 f5
35. fxe5 Bxe5 36. Rge3 Qf6 37. Kh1 Re7 38. Bb2 Rae8 39. Qe1 f4 40. Bxe5 Nxe5
41. Re4 Rf7 42. Qf2 f3 43. Re1 fxg2+ 44. Qxg2 Qf3 45. c5 1-0

[Event "MCRE_O18"]
[Site "?"]
[Date "2004.??.??"]
[Round "?"]
[White "Motejzik, Jaroslav"]
[Black "Kratochvil, Jan"]
[Result "1-0"]
[WhiteElo "1800"]
[BlackElo "1800"]
[PlyCount "113"]
[EventDate "2004.??.??"]
[EventType "corr"]
[EventRounds "2"]
[SourceDate "2005.03.12"]

1. e4 e5 2. Nf3 Nf6 3. Nxe5 d6 4. Nf3 Nxe4 5. d4 d5 6. Bd3 Nc6 7. O-O Be7 8. c4
Bg4 9. cxd5 Qxd5 10. Nc3 Nxc3 11. bxc3 O-O 12. Re1 Bxf3 13. Qxf3 Qxf3 14. gxf3
Bd6 15. Be3 Rfe8 16. Rab1 Rab8 17. c4 Bb4 18. Red1 a5 19. Be4 Ne7 20. Bf4 f5
21. Bc2 Bd6 22. Bxd6 cxd6 23. Rb6 Red8 24. Rdb1 d5 25. cxd5 Nxd5 26. Rxb7 Rxb7
27. Rxb7 Nf4 28. Bb3+ Kh8 29. d5 g5 30. Ra7 Nxd5 31. Rxa5 Nf4 32. Rxf5 h6 33.
h4 Kh7 34. Bc2 Kh8 35. hxg5 hxg5 36. a4 Ne2+ 37. Kh2 Nd4 38. Rc5 Nxf3+ 39. Kg3
Nd4 40. Be4 Re8 41. f3 Re6 42. a5 Ra6 43. Bb7 Ra7 44. a6 Kg7 45. Rxg5+ Kf6 46.
Rd5 Ne6 47. f4 Nc7 48. Rd6+ Ke7 49. Rh6 Ne6 50. f5 Nc5 51. Kf4 Nd3+ 52. Kg5 Nc5
53. f6+ Kd7 54. Kg6 Ne6 55. Rh1 Kd6 56. f7 Ke7 57. Re1 1-0

[Event "MCRE_O18"]
[Site "?"]
[Date "2004.??.??"]
[Round "?"]
[White "Motejzik, Jaroslav"]
[Black "Novak, Vaclav"]
[Result "1/2-1/2"]
[WhiteElo "1800"]
[BlackElo "1800"]
[PlyCount "91"]
[EventDate "2004.??.??"]
[EventType "corr"]
[EventRounds "2"]
[SourceDate "2005.03.12"]

1. e4 c5 2. Nf3 Nc6 3. d4 cxd4 4. Nxd4 Nf6 5. Nc3 e6 6. Nxc6 bxc6 7. e5 Nd5 8.
Ne4 Qc7 9. f4 Qb6 10. c4 Bb4+ 11. Ke2 f5 12. exf6 Nxf6 13. Be3 Qb8 14. Nxf6+
gxf6 15. Kf2 O-O 16. Bd3 d5 17. Qg4+ Kh8 18. Qh4 Qb7 19. Rhf1 Rb8 20. a3 Ba5
21. b4 Bd8 22. g3 Qf7 23. Qh6 Rg8 24. Kg1 a5 25. Rfb1 axb4 26. Rxb4 Ra8 27. Bd4
Qg7 28. Qh5 dxc4 29. Rxc4 Ra5 30. Qf3 Rd5 31. Qe4 Qd7 32. Bc2 Ba6 33. Ra4 Rxd4
34. Rxd4 Bb6 35. Rad1 Bc4 36. Kg2 Bd5 37. Rxd5 cxd5 38. Qd3 Rc8 39. Bb1 Rc5 40.
a4 Bc7 41. Re1 e5 42. fxe5 fxe5 43. Rf1 Bd6 44. Rf5 Qe7 45. Rh5 e4 46. Qd4+
1/2-1/2

[Event "MCRE_O18"]
[Site "?"]
[Date "2004.??.??"]
[Round "?"]
[White "Motejzik, Jaroslav"]
[Black "Valinova, Jana"]
[Result "0-1"]
[WhiteElo "1800"]
[BlackElo "1800"]
[PlyCount "94"]
[EventDate "2004.??.??"]
[EventType "corr"]
[EventRounds "2"]
[SourceDate "2005.03.12"]

1. e4 e5 2. Nf3 Nc6 3. Bb5 a6 4. Ba4 Nf6 5. O-O Be7 6. Re1 b5 7. Bb3 O-O 8. a4
Bb7 9. d3 d6 10. Nbd2 Na5 11. Ba2 c5 12. Nf1 b4 13. Ng3 Bc8 14. h3 b3 15. Bb1
bxc2 16. Bxc2 Rb8 17. Rb1 Be6 18. Ng5 Qb6 19. Nxe6 fxe6 20. Be3 Nc6 21. Rf1 Kh8
22. Ne2 d5 23. f4 Bd6 24. f5 exf5 25. Rxf5 Nd4 26. Rf1 dxe4 27. dxe4 Qc6 28.
Ng3 c4 29. Bg5 Bb4 30. Kh1 Rbd8 31. Qc1 h6 32. Bxf6 Rxf6 33. Rxf6 Qxf6 34. Bd1
Qc6 35. Qe3 Rb8 36. Ne2 Rf8 37. Ng3 Be7 38. a5 Kh7 39. Bf3 Nxf3 40. gxf3 Rb8
41. Qc3 Qe6 42. Kg2 Rb3 43. Qc2 Bc5 44. Qe2 Bd4 45. Qc2 Qf7 46. Qd1 Qb7 47. Ne2
Rxb2 0-1

[Event "MCRE_O18"]
[Site "?"]
[Date "2004.??.??"]
[Round "?"]
[White "Motejzik, Jaroslav"]
[Black "Zednik, Martin"]
[Result "1-0"]
[WhiteElo "1800"]
[BlackElo "1861"]
[PlyCount "63"]
[EventDate "2004.??.??"]
[EventType "corr"]
[EventRounds "2"]
[SourceDate "2005.03.12"]

1. e4 e5 2. Nf3 Nc6 3. Bb5 a6 4. Ba4 Nf6 5. O-O Be7 6. Re1 b5 7. Bb3 O-O 8. a4
b4 9. d3 d6 10. a5 Bg4 11. c3 d5 12. exd5 Nxd5 13. h3 Be6 14. Ba4 Nxa5 15. Nxe5
Bd6 16. d4 c5 17. Bc2 Qc7 18. Qd3 g6 19. Bh6 Rfd8 20. Qe4 cxd4 21. cxd4 Ne7 22.
Ba4 Bd5 23. Qf4 Nf5 24. Bg5 Rf8 25. Bf6 Nc6 26. Bxc6 Bxc6 27. g4 Ng7 28. Qh6
Ne8 29. g5 Bd5 30. Nd2 b3 31. Nd7 Bh2+ 32. Kf1 1-0

[Event "MCRE_O18"]
[Site "?"]
[Date "2004.??.??"]
[Round "?"]
[White "Novak, Vaclav"]
[Black "Kosar, Zdenek"]
[Result "1-0"]
[WhiteElo "1800"]
[BlackElo "1800"]
[PlyCount "47"]
[EventDate "2004.??.??"]
[EventType "corr"]
[EventRounds "2"]
[SourceDate "2005.03.12"]

1. e4 e5 2. f4 exf4 3. Nf3 Be7 4. Bc4 Bh4+ 5. Kf1 d6 6. d4 Be6 7. Bxe6 fxe6 8.
Bxf4 Nh6 9. Qd2 Nf7 10. Qb4 b6 11. Qc4 O-O 12. Qxe6 Kh8 13. Nc3 Ng5 14. Qg4
Nxf3 15. gxf3 Nc6 16. Rd1 Rf7 17. Bg3 Bxg3 18. hxg3 Qf6 19. f4 g6 20. Nd5 Qg7
21. c3 Re8 22. Re1 Nd8 23. Kg2 Kg8 24. e5 1-0

[Event "MCRE_O18"]
[Site "?"]
[Date "2004.??.??"]
[Round "?"]
[White "Novak, Vaclav"]
[Black "Kratochvil, Jan"]
[Result "1-0"]
[WhiteElo "1800"]
[BlackElo "1800"]
[PlyCount "85"]
[EventDate "2004.??.??"]
[EventType "corr"]
[EventRounds "2"]
[SourceDate "2005.03.12"]

1. d4 d5 2. c4 c6 3. Nc3 Nf6 4. Nf3 e6 5. Bg5 dxc4 6. e4 b5 7. e5 h6 8. Bh4 g5
9. Nxg5 hxg5 10. Bxg5 Be7 11. exf6 Bxf6 12. Bxf6 Qxf6 13. g3 Na6 14. Bg2 Nb4
15. O-O Bb7 16. Ne4 Qh6 17. h4 O-O-O 18. a4 Nd3 19. axb5 cxb5 20. Rxa7 e5 21.
Qg4+ Qe6 22. Qxe6+ fxe6 23. Rfa1 exd4 24. Nd6+ Rxd6 25. Bxb7+ Kd8 26. Bg2 Nxb2
27. Ra8+ Ke7 28. Rxh8 Na4 29. Rb8 Rb6 30. Rxb6 Nxb6 31. h5 Na4 32. Bc6 Kf6 33.
Bxb5 Nb2 34. h6 Kg6 35. Ra6 Kxh6 36. Rxe6+ Kg7 37. Rd6 d3 38. Rd4 c3 39. Bxd3
Kf6 40. f4 Kf7 41. Bc2 Ke6 42. g4 Ke7 43. g5 1-0

[Event "MCRE_O18"]
[Site "?"]
[Date "2004.??.??"]
[Round "?"]
[White "Novak, Vaclav"]
[Black "Motejzik, Jaroslav"]
[Result "0-1"]
[WhiteElo "1800"]
[BlackElo "1800"]
[PlyCount "88"]
[EventDate "2004.??.??"]
[EventType "corr"]
[EventRounds "2"]
[SourceDate "2005.03.12"]

1. d4 Nf6 2. c4 e6 3. Nc3 c5 4. d5 exd5 5. cxd5 d6 6. e4 g6 7. f4 Bg7 8. Bb5+
Nfd7 9. a4 O-O 10. Nf3 Na6 11. O-O Nc7 12. Bd3 a6 13. Re1 Re8 14. Be3 Rb8 15.
Bf2 b5 16. axb5 Nxb5 17. Nxb5 axb5 18. Qc2 c4 19. Bf1 Qf6 20. Ra2 Qxf4 21. Bg3
Qf6 22. Bh4 g5 23. Bxg5 Qg6 24. Bf4 Nc5 25. Nd2 f5 26. Ra3 Nxe4 27. Nxe4 Rxe4
28. Rxe4 fxe4 29. Rg3 Qf6 30. Qxe4 Bf5 31. Qe3 Bg6 32. Bh6 Bxh6 33. Qxh6 Qxb2
34. Rxg6+ hxg6 35. Qxg6+ Qg7 36. Qxd6 Qd4+ 37. Kh1 Rf8 38. Qe6+ Rf7 39. Qg6+
Qg7 40. Qe6 Qg5 41. h3 Qf5 42. Be2 Qxe6 43. dxe6 Rf2 44. Bh5 Kf8 0-1

[Event "MCRE_O18"]
[Site "?"]
[Date "2004.??.??"]
[Round "?"]
[White "Novak, Vaclav"]
[Black "Valinova, Jana"]
[Result "0-1"]
[WhiteElo "1800"]
[BlackElo "1800"]
[PlyCount "76"]
[EventDate "2004.??.??"]
[EventType "corr"]
[EventRounds "2"]
[SourceDate "2005.03.12"]

1. c4 c6 2. Nc3 d5 3. d4 e6 4. Nf3 dxc4 5. a4 Bb4 6. e3 b5 7. Bd2 a5 8. axb5
Bxc3 9. Bxc3 cxb5 10. b3 Bb7 11. bxc4 b4 12. Bb2 Nf6 13. Bd3 Nbd7 14. O-O O-O
15. Nd2 Qc7 16. Re1 a4 17. Qb1 Rfb8 18. Ra2 Bc6 19. e4 e5 20. f4 exf4 21. e5
Ng4 22. Bxh7+ Kh8 23. Bf5 Ndxe5 24. Rxe5 Nxe5 25. dxe5 Qb6+ 26. Kf1 Qe3 27. Qd1
f3 28. Nxf3 Rd8 29. Qe1 Qf4 30. Qh4+ Qxh4 31. Nxh4 a3 32. e6 fxe6 33. Bxe6 Rd1+
34. Ke2 axb2 35. Rxb2 Rd4 36. Ng6+ Kh7 37. Bf5 Re8+ 38. Kf2 Be4 0-1

[Event "MCRE_O18"]
[Site "?"]
[Date "2004.??.??"]
[Round "?"]
[White "Novak, Vaclav"]
[Black "Zednik, Martin"]
[Result "1-0"]
[WhiteElo "1800"]
[BlackElo "1861"]
[PlyCount "57"]
[EventDate "2004.??.??"]
[EventType "corr"]
[EventRounds "2"]
[SourceDate "2005.03.12"]

1. e4 e5 2. Nf3 Nc6 3. Bc4 Bc5 4. c3 Nf6 5. d4 exd4 6. cxd4 Bb4+ 7. Nc3 Nxe4 8.
O-O Bxc3 9. d5 Ne5 10. bxc3 Nxc4 11. Qd4 Ncd6 12. Qxg7 Qf6 13. Qxf6 Nxf6 14.
Re1+ Kf8 15. Bh6+ Kg8 16. Re5 Nfe4 17. Nh4 b6 18. f3 Ba6 19. fxe4 f6 20. Re7
Nf7 21. Nf5 Nxh6 22. Nxh6+ Kf8 23. Rxd7 c5 24. dxc6 Bc4 25. Rad1 Be6 26. Rb7
Rc8 27. Rxa7 Rb8 28. Rd6 Re8 29. a4 1-0

[Event "MCRE_O18"]
[Site "?"]
[Date "2004.??.??"]
[Round "?"]
[White "Valinova, Jana"]
[Black "Kosar, Zdenek"]
[Result "1-0"]
[WhiteElo "1800"]
[BlackElo "1800"]
[PlyCount "65"]
[EventDate "2004.??.??"]
[EventType "corr"]
[EventRounds "2"]
[SourceDate "2005.03.12"]

1. e4 e5 2. f4 exf4 3. Nf3 Be7 4. Bc4 Bh4+ 5. Kf1 d6 6. d4 Be6 7. Bxe6 fxe6 8.
Bxf4 Nh6 9. c3 O-O 10. Bxh6 gxh6 11. g3 Be7 12. Kg2 c6 13. Qb3 Qd7 14. Nbd2 Na6
15. Raf1 Bg5 16. Qd1 Bxd2 17. Qxd2 Qg7 18. e5 d5 19. Rf2 Rf7 20. Rhf1 Raf8 21.
Ne1 Rxf2+ 22. Rxf2 Rxf2+ 23. Kxf2 Kf7 24. Nd3 Qg5 25. Qd1 Nc7 26. Nf4 b5 27.
Qb1 Kg8 28. a4 a6 29. axb5 cxb5 30. Qa2 Qd8 31. Qa5 Kf7 32. Qb6 Ke7 33. Nd3 1-0

[Event "MCRE_O18"]
[Site "?"]
[Date "2004.??.??"]
[Round "?"]
[White "Valinova, Jana"]
[Black "Kratochvil, Jan"]
[Result "1-0"]
[WhiteElo "1800"]
[BlackElo "1800"]
[PlyCount "103"]
[EventDate "2004.??.??"]
[EventType "corr"]
[EventRounds "2"]
[SourceDate "2005.03.12"]

1. e4 c6 2. c4 d5 3. exd5 cxd5 4. cxd5 Nf6 5. Nc3 Nxd5 6. Nf3 Nc6 7. d4 Bg4 8.
Bc4 e6 9. O-O Bxf3 10. Qxf3 Nxd4 11. Qe4 Nxc3 12. bxc3 Rc8 13. Bd3 Rxc3 14. Rd1
Nc6 15. Rb1 Qc7 16. Bb5 Bd6 17. Bb2 Bxh2+ 18. Kf1 Be5 19. Bxc6+ bxc6 20. Bxc3
Bxc3 21. Rbc1 Bf6 22. Qxc6+ Qxc6 23. Rxc6 Bd8 24. Rc8 Ke7 25. Rb1 Rf8 26. Rb7+
Kf6 27. Rd7 Be7 28. Rxf8 Bxf8 29. Rxa7 Bc5 30. Rb7 Bd4 31. a4 Bc3 32. Rb3 Bd4
33. a5 g5 34. a6 h5 35. Rb7 e5 36. a7 Bxa7 37. Rxa7 h4 38. Ke2 g4 39. Ke3 Ke6
40. Ra8 f6 41. Rh8 Kf5 42. Rxh4 Kg5 43. Rh8 f5 44. f3 g3 45. f4+ Kf6 46. fxe5+
Kxe5 47. Kf3 f4 48. Rh5+ Kf6 49. Kxf4 Ke6 50. Kxg3 Kf6 51. Kf4 Ke6 52. Rf5 1-0

[Event "MCRE_O18"]
[Site "?"]
[Date "2004.??.??"]
[Round "?"]
[White "Valinova, Jana"]
[Black "Motejzik, Jaroslav"]
[Result "1/2-1/2"]
[WhiteElo "1800"]
[BlackElo "1800"]
[PlyCount "61"]
[EventDate "2004.??.??"]
[EventType "corr"]
[EventRounds "2"]
[SourceDate "2005.03.12"]

1. e4 e6 2. d4 d5 3. Nd2 Nf6 4. e5 Nfd7 5. Bd3 c5 6. c3 Nc6 7. Ne2 cxd4 8. cxd4
f6 9. Nf4 Nxd4 10. Qh5+ Ke7 11. Ng6+ hxg6 12. exf6+ Nxf6 13. Qxh8 Kf7 14. O-O
e5 15. Nb3 Nxb3 16. axb3 Bf5 17. Bxf5 gxf5 18. Bg5 Bc5 19. Qh3 Qd7 20. Bxf6
Kxf6 21. Rad1 d4 22. Rfe1 Qe6 23. Rd3 e4 24. g4 Rg8 25. gxf5 Qxf5 26. Qh4+ Ke5
27. Qg3+ Kd5 28. Qc7 exd3 29. Qxb7+ Kd6 30. Qe7+ Kd5 31. Qb7+ 1/2-1/2

[Event "MCRE_O18"]
[Site "?"]
[Date "2004.??.??"]
[Round "?"]
[White "Valinova, Jana"]
[Black "Novak, Vaclav"]
[Result "1-0"]
[WhiteElo "1800"]
[BlackElo "1800"]
[PlyCount "49"]
[EventDate "2004.??.??"]
[EventType "corr"]
[EventRounds "2"]
[SourceDate "2005.03.12"]

1. e4 g6 2. d4 Bg7 3. c3 d5 4. Nd2 c6 5. Ngf3 Nh6 6. Bd3 O-O 7. O-O f6 8. Qb3
e5 9. c4 exd4 10. cxd5 c5 11. Qa3 b6 12. b4 Nd7 13. Bb5 f5 14. Bc6 cxb4 15.
Qxb4 a5 16. Qb1 Ra7 17. Ba3 Rf7 18. e5 Nxe5 19. Nxe5 Bxe5 20. Re1 Qc7 21. Nf3
Ng4 22. Nxe5 Nxe5 23. Qb2 Nxc6 24. dxc6 Qd8 25. Rad1 1-0